000 00490nam a2200169 4500
020 _a817041640X
082 _a301.4510954
_b SAR
245 _aCastes and tribes of India.
_cedited by T.R.Sareen and S.R. Bakshi.
260 _aNew Delhi.
_bAnmol Publications.
_c[19-?]
300 _aviii,420p. ; 23cm.-
490 _aIndia through ages.no.4.
650 _aIndia-Scheduled tribes
650 _aIndia-Scheduled Castes
710 _aSareen, T.R.
710 _aBakshi, S.R.
942 _2ddc
999 _c39899
_d39899